Statistics for Name all of the Clow cards from Cardcaptor Sakura

Click here to take the quiz!

General Stats

  • This quiz has been taken 621 times
  • The average score is 37 of 54

Answer Stats

HintAnswer% Correct
2Windy
95%
1Fly
93%
3Watery
91%
4Firey
90%
51Light
90%
52Dark
88%
5Earthy
85%
35Sword
85%
6Wood
81%
10Big
80%
9Jump
80%
26Shadow
79%
39Mirror
78%
7Rain
78%
24Time
77%
38Shield
76%
43Flower
75%
15Thunder
73%
19Dash
72%
11Little
71%
46Power
71%
28Sleep
70%
30Fight
69%
23Sweet
69%
12Cloud
68%
29Twin
68%
48Illusion
66%
40Loop
65%
14Snow
65%
8Create
64%
32Float
64%
22Voice
64%
34Freeze
63%
54Hope
63%
25Return
63%
49Sand
63%
31Erase
62%
21Song
62%
36Arrow
61%
17Dream
61%
13Mist
61%
41Lock
60%
47Maze
59%
16Storm
59%
18Glow
58%
44Bubbles
57%
27Silent
57%
20Change
53%
42Libra
53%
53Nothing
53%
37Shot
53%
45Through
52%
33Wave
52%
50Move
49%

Score Distribution

Percentile by Number Answered

Percent of People with Each Score

Your Score History

You have not taken this quiz